000 00549nam a2200169 a 4500
001 BRCA_9078
005 20190320210520.0
008 060917s1705----sp-#######---#000-0#lat-#
041 _alat
084 _aCO33
_b.J36 1705
245 1 0 _aJani Vicentii Gravinae Jurisconsulti de Romano Imprerio
_bliber singularis ad S. P. Q. R.
_b1705
300 _a660 p. (t.3)
_c24 x 19 cm
500 _aEstado físico: presenta encuadernación en pergamino con cintas rotas y presencia del pez de plata
500 _aSin portada
902 _aCFM
942 _2lcc
_cB
999 _c8728
_d8728